| 000 | 02481cam a2200397 a 4500 | ||
|---|---|---|---|
| 001 | 15890812 | ||
| 003 | ARRUPE | ||
| 005 | 20161125084331.0 | ||
| 008 | 090902s2009 nyu b 001 0 eng | ||
| 010 | _a 2009036616 | ||
| 020 | _a9781585427659 | ||
| 020 | _a1585427659 | ||
| 035 | _a(OCoLC)ocn426803865 | ||
| 040 |
_aDLC _cDLC _dIG# _dBTCTA _dVVC _dYDXCP _dCDX _dBWX _dMOF _dVP@ _dUPZ _dSINLB _dNLGGC _dDLC |
||
| 050 | 0 | 0 |
_aBJ1475 _b.R54 2009 |
| 082 | 0 | 0 |
_a901 _222 |
| 084 |
_a15.50 _2bcl |
||
| 100 | 1 |
_aRifkin, Jeremy. _927548 |
|
| 245 | 1 | 4 |
_aThe empathic civilization : _bthe race to global consciousness in a world in crisis / _cJeremy Rifkin. |
| 260 |
_aNew York : _bJ.P. Tarcher/Penguin, _cc2009. |
||
| 300 |
_ax, 674 p. ; _c24 cm. |
||
| 504 | _aIncludes bibliographical references (p. [643]-656) and index. | ||
| 505 | 0 | _aThe hidden paradox of human history -- The new view of human nature -- A sentient interpretation of biological evolution -- Becoming human -- Rethinking the meaning of the human journey -- The ancient theological brain and patriarchal economy -- Cosmopolitan Rome and the rise of urban Christianity -- The soft industrial revolution of the late medieval era and the birth of humanism -- Ideological thinking in a modern market economy -- Psychological consciousness in a postmodern existential world -- The climb to global peak empathy -- The planetary entropic abyss -- The emerging era of distributed capitalism -- The theatrical self in an improvisational society -- Biosphere consciousness in a climax economy. | |
| 520 | _aBestselling social critic Jeremy Rifkin shows that the disconnection between our vision for the world and our ability to realize that vision lies in the current state of human consciousness. | ||
| 650 | 0 |
_aEmpathy. _927549 |
|
| 650 | 0 |
_aConduct of life. _97244 |
|
| 650 | 0 |
_aCivilization, Modern _y21st century _xForecasting. _927550 |
|
| 650 | 0 |
_aTwenty-first century _vForecasts. _920518 |
|
| 650 | 0 |
_aSocial prediction. _927551 |
|
| 856 | 4 | 2 |
_3Contributor biographical information _uhttp://www.loc.gov/catdir/enhancements/fy1008/2009036616-b.html |
| 856 | 4 | 2 |
_3Publisher description _uhttp://www.loc.gov/catdir/enhancements/fy1008/2009036616-d.html |
| 856 | 4 | 1 |
_3Sample text _uhttp://www.loc.gov/catdir/enhancements/fy1204/2009036616-s.html |
| 906 |
_a7 _bcbc _corignew _d1 _eecip _f20 _gy-gencatlg |
||
| 942 |
_2lcc _cMONOGRAPH |
||
| 999 |
_c125758 _d125758 |
||